02278 2200469 4500001002100000005001500021035002000036008004100056020002200097041000800119082001000127084001600137100002000153245010600173250001000279260003000289300003500319520085800354650004701212650004901259700002001308990002401328990002401352990002401376990002401400990002401424990002401448990002401472990002401496990002401520990002401544990002401568990002401592990002401616990002401640990002401664990002401688990002401712990002401736990002401760990002401784INLIS00000000000825720221026052756 a0010-0520008257221026 | | ind  a978-979-29-0763-6 aind a336.2 a336.2 ANA p0 aAnastasia Diana1 aPerpajakan Indonesia :bKonsep, Aplikasi, dan Penuntun Praktis /cAnastasia Diana dan Lilis Setiawati aEd. 2 aYogyakarta :bANDI,c2009 axxvi, 754 p. :bilus. ;c23cm. aBuku ini merupakan revisi atas buku pertama. Revisi ini memuat peraturan pajak penghasilan yang terbaru sesuai UU No 36 tahun 2008, yang berlaku per 1 Januari 2009. Selain itu bahasan pajak penghasilan juga memuat Peraturan Dirjen Pajak dan Peraturan Menteri Keuangan yang terbaru, sebagai detail aplikasi UU Pajak Penghasilan terbaru. Bahasan Ketentuan Umum dan Tata Cara Perpajakan juga telah didasarkan pada Undang-undang No 28 tahun 2007, dan dilengkapi dengan Peraturan Pemerintah, Peraturan Menteri Keuangan serta Peraturan Dirjen Pajak terbaru yang terkait. Tambahan lagi, semua formulir SPT Pajak Penghasilan maupun SPT Masa PPN yang dimuat dalam buku ini merupakan bentuk formulir terbaru yang ditetapkan oleh Direktur Jenderal Pajak. Softcopy dari UU terbaru, serta semua formulir Surat Pemberitahuan terbaru––beserta petunjuk pengisiannya 4aTaxation - Law and Legislation - Indonesia 4aTax administration and procedure - Indonesia0 aLilis Setiawati a17059/MKRI-P/X-2010 a17060/MKRI-P/X-2010 a17061/MKRI-P/X-2010 a17062/MKRI-P/X-2010 a17060/MKRI-P/X-2010 a17059/MKRI-P/X-2010 a17061/MKRI-P/X-2010 a17062/MKRI-P/X-2010 a17059/MKRI-P/X-2010 a17060/MKRI-P/X-2010 a17061/MKRI-P/X-2010 a17062/MKRI-P/X-2010 a17062/MKRI-P/X-2010 a17059/MKRI-P/X-2010 a17060/MKRI-P/X-2010 a17061/MKRI-P/X-2010 a17061/MKRI-P/X-2010 a17059/MKRI-P/X-2010 a17060/MKRI-P/X-2010 a17062/MKRI-P/X-2010